Andalucía y América
保存先:
| 第一著者: | |
|---|---|
| フォーマット: | 図書 |
| 言語: | スペイン語 |
| 出版事項: |
Madrid
MAPFRE
1992
|
| シリーズ: | Colección Las Españas y América, 3
|
| 主題: | |
| タグ: |
タグ追加
タグなし, このレコードへの初めてのタグを付けませんか!
|
MARC
| LEADER | 00000nam a2200000 a 4500 | ||
|---|---|---|---|
| 001 | UCX6969 | ||
| 003 | CL-VaPUC | ||
| 008 | 930902e19920000SP |||||||||||||||||spa|d | ||
| 082 | 0 | 4 | |a 946.8 |b MOR |2 21 |
| 100 | |a Morales Padrón, Francisco |e autor |9 536537 | ||
| 245 | 1 | 0 | |a Andalucía y América |
| 300 | |a 317 p | ||
| 942 | |c BK | ||
| 945 | |d 19930902 00:00:00 | ||
| 260 | |a Madrid |b MAPFRE |c 1992 | ||
| 650 | 0 | |a Historia |9 255047 | |
| 650 | 0 | |a Emigración e inmigración |9 257711 | |
| 650 | 0 | |a Colonización |9 265172 | |
| 651 | 7 | |a ANDALUCIA |2 CL-VaPUC |9 266221 | |
| 651 | 0 | |a España |9 254926 | |
| 651 | 0 | |a América |9 255182 | |
| 583 | |a last modification |c 19930902 00:00:00 |k Rodrigo Vera | ||
| 490 | 0 | |a Colección Las Españas y América, 3 | |
| 999 | |c 226899 |d 226897 | ||
| 952 | |0 0 |1 0 |4 0 |6 946_800000000000000_MOR_1992 |7 0 |8 A |9 225554 |a BIBHIS |b BIBHIS |d 2019-11-15 |i 294233K |o 946.8 MOR 1992 |p 294233K |r 2025-01-20 |w 2019-11-15 |y BK |k HIS | ||